[Event "Medellin Antioquia-ch"]
[Site "Medellin"]
[Date "2024.05.03"]
[Round "4"]
[White "Munoz Ospina, Juan Camilo"]
[Black "Restrepo Cifuentes, Luciana"]
[Result "1-0"]
[WhiteElo "1737"]
[BlackElo "1645"]
[PlyCount "51"]
[EventDate "2024.05.01"]
[EventType "swiss"]
[EventRounds "7"]
[EventCountry "COL"]
[SourceTitle "CB20_2024"]
[SourceDate "2024.05.16"]
[SourceVersion "1"]
[SourceVersionDate "2024.05.16"]
[SourceQuality "1"]

1. e4 c5 2. Nf3 d6 3. d4 cxd4 4. c3 dxc3 5. Nxc3 Nc6 6. Bc4 e6 7. 0-0 Nf6 8. Qe2 Be7 9. Rd1 e5 10. Bg5 0-0 11. h3 Be6 12. Bxf6 Bxf6 13. Bxe6 fxe6 14. Rac1 a6 15. Qc2 Qe7 16. Qb3 Rac8 17. Ne2 Rc7 18. Ng3 Rfc8 19. Nf5 Qf8 20. Qxe6+ Kh8 21. Nxd6 Nd8 22. Rxc7 Rxc7 23. Qd5 Rd7 24. Nxe5 Bxe5 25. Qxe5 Nc6 26. Qe6 1-0

[Event "Medellin Antioquia-ch"]
[Site "Medellin"]
[Date "2024.05.02"]
[Round "3"]
[White "Cordoba Perez, Jeronimo"]
[Black "Munoz Ospina, Juan Camilo"]
[Result "1-0"]
[WhiteElo "1968"]
[BlackElo "1737"]
[PlyCount "74"]
[EventDate "2024.05.01"]
[EventType "swiss"]
[EventRounds "7"]
[EventCountry "COL"]
[SourceTitle "CB20_2024"]
[SourceDate "2024.05.16"]
[SourceVersion "1"]
[SourceVersionDate "2024.05.16"]
[SourceQuality "1"]

1. c4 Nf6 2. g3 g6 3. Bg2 Bg7 4. Nc3 d6 5. d4 0-0 6. Nf3 Nbd7 7. 0-0 Re8 8. e4 e5 9. d5 Nc5 10. Re1 a5 11. Rb1 b6 12. a3 a4 13. Qc2 Bd7 14. Bg5 Qc8 15. Nd2 Nh5 16. Be3 Rf8 17. Bxc5 bxc5 18. Qd1 Qe8 19. Bf3 f5 20. exf5 Bxf5 21. Nde4 Nf6 22. Nxf6+ Rxf6 23. Ne4 Rf8 24. Bg4 Qd7 25. Bxf5 Rxf5 26. Qg4 Qe7 27. h4 Bh6 28. Re2 Rb8 29. Nc3 Qd7 30. Qe4 Rb3 31. Kg2 Rf8 32. Rd1 Rfb8 33. Nb5 Rf8 34. Rd3 Rf4 35. gxf4 Rxd3 36. Qxd3 Qg4+ 37. Kf1 Qxh4 1-0